Kapitoly z ústav lidově demokratických zemí /

Hlavní autor: Krofta, Jaroslav, 1910-1971
Jazyk: Čeština
Vydáno: Praha : SPN, 1957
Edice: Učební texty vysokých škol
Fyzický popis: 95 s.
Knihy
Uloženo v:
LEADER 00825nam a22002532a 4500
001 000740749
003 CZ BrMZK
005 20041006092918.0
007 ta
008 041006s1957 xr er|||||||||||cze d
015 |a cnb000627555 
015 |a cnb000728679 
035 |a (OCoLC)85701082 
040 |a ABA001  |b cze  |c ABA001  |d ABA001  |d BOA001 
100 1 |a Krofta, Jaroslav,  |d 1910-1971  |7 jk01063386  |4 aut 
245 1 0 |a Kapitoly z ústav lidově demokratických zemí /  |c Jaroslav Krofta 
260 |a Praha :  |b SPN,  |c 1957 
300 |a 95 s. 
490 1 |a Učební texty vysokých škol 
500 |a Vyšší pedagogická škola v Plzni 
830 0 |a Učební texty vysokých škol 
910 |a BOA001  |b PK-N-0002.692 
990 |a BK 
996 6 |b BC-164501  |c PK-N-0002.692  |l MZK  |r Sklad / do 1 hodiny  |n 0  |w 000740749  |u 000010  |a 1  |e BOA001  |j MZK50  |s P